| 000 | 00363nam a2200133Ia 4500 | ||
|---|---|---|---|
| 008 | 220217s9999||||xx |||||||||||||| ||und|| | ||
| 020 | _a81-7366-678-4 | ||
| 082 | _a658.42 CHA | ||
| 100 |
_aChappell, David, A _95541 |
||
| 245 | 0 | _aEnterprise service bus | |
| 260 |
_aShroff publishers and dist.Pvt. _bMumbai _c2006 |
||
| 300 | _b300 | ||
| 650 | _aMANAGEMENT | ||
| 999 |
_c176549 _d176549 |
||